Catálogo público

(Record no. 183109)

MARC details
000 -CABECERA
campo de control de longitud fija 00707nam a2200205Ia 4500
001 - NÚMERO DE CONTROL
campo de control IA_
008 - DATOS DE LONGITUD FIJA--INFORMACIÓN GENERAL
campo de control de longitud fija 220117s xx 000 0 und d
010 ## - NÚMERO DE CONTROL DE LA BIBLIOTECA DEL CONGRESO
Número de control de LC 183109
530 ## - NOTA DE FORMATO FÍSICO ADICIONAL DISPONIBLE
Nota de formato físico adicional disponible Disponible en PDF
583 ## - NOTA DE ACCIÓN
Acción 2 ej. imp.
650 #0 - PUNTO DE ACCESO ADICIONAL DE MATERIA--TÉRMINO DE MATERIA
Término de materia o nombre geográfico como elemento de entrada Edulcorantes
Subdivisión general Industria y comercio
Subdivisión geográfica México
9 (RLIN) 155253
650 #0 - PUNTO DE ACCESO ADICIONAL DE MATERIA--TÉRMINO DE MATERIA
Término de materia o nombre geográfico como elemento de entrada Sweeteners
Subdivisión general Industry and trade
Subdivisión geográfica Mexico
9 (RLIN) 155254
700 ## - PUNTO DE ACCESO ADICIONAL--NOMBRE DE PERSONA
Nombre de persona Altamirano Cárdenas, J. Reyes, asesor
9 (RLIN) 163676
700 ## - PUNTO DE ACCESO ADICIONAL--NOMBRE DE PERSONA
Nombre de persona García Carrera, Zulma, coaut.
9 (RLIN) 155255
700 ## - PUNTO DE ACCESO ADICIONAL--NOMBRE DE PERSONA
Nombre de persona García Chávez, Ramiro, dir.
9 (RLIN) 155256
700 ## - PUNTO DE ACCESO ADICIONAL--NOMBRE DE PERSONA
Nombre de persona Reyes Vigil, Miguel, asesor
9 (RLIN) 163677
942 ## - ELEMENTOS DE PUNTO DE ACCESO ADICIONAL (KOHA)
Tipo de ítem Koha

No items available.